[Event "Thüringenliga 2012/2013"]
[Site "?"]
[Date "2013.01.06"]
[Round "5"]
[White "Kastner, Peter"]
[Black "Bächer, Reinhard"]
[Result "1/2-1/2"]
[WhiteElo "1963"]
[BlackElo "1852"]
[PlyCount "33"]
[EventDate "2013.??.??"]
[WhiteTeam "SV 1861 Liebschwitz"]
[BlackTeam "SG Arnstadt-Stadtilm"]

1. e4 c6 2. d4 d5 3. e5 Bf5 4. Nf3 e6 5. Be2 Nd7 6. O-O c5 7. c4 Ne7 8. cxd5
Nxd5 9. Nc3 Nb4 10. Bg5 f6 11. exf6 gxf6 12. Bh4 Bh6 13. dxc5 Bc2 14. Qd6 Qe7
15. Nd4 Nxc5 16. Bh5+ Bg6 17. Qxe7+ 1/2-1/2

[Event "Thüringenliga 2012/2013"]
[Site "?"]
[Date "2013.01.06"]
[Round "5"]
[White "Marufke, Kai"]
[Black "Weiß, Werner"]
[Result "0-1"]
[WhiteElo "1862"]
[BlackElo "1997"]
[PlyCount "90"]
[EventDate "2013.??.??"]
[WhiteTeam "SG Arnstadt-Stadtilm"]
[BlackTeam "SV 1861 Liebschwitz"]

1. e4 d6 2. d4 Nf6 3. Nc3 c6 4. f4 Qa5 5. Bd2 e5 6. dxe5 dxe5 7. Nd5 Qd8 8.
Nxf6+ Qxf6 9. f5 Qh4+ 10. Ke2 Qxe4+ 11. Be3 Bc5 12. Qd3 Qxd3+ 13. cxd3 Bxe3 14.
Kxe3 Bxf5 15. Nf3 f6 16. d4 Nd7 17. Bc4 O-O-O 18. dxe5 Nxe5 19. Nxe5 Rhe8 20.
Rad1 Rxe5+ 21. Kf2 Rxd1 22. Rxd1 Kc7 23. Rd2 Be6 24. Bxe6 Rxe6 25. a3 Re5 26.
h3 a5 27. Kf3 a4 28. Kf4 b5 29. Kf3 c5 30. Rc2 Kc6 31. Rd2 Rd5 32. Re2 b4 33.
axb4 cxb4 34. Rc2+ Kb6 35. Ke4 Rc5 36. Rd2 a3 37. bxa3 bxa3 38. Kd4 Ra5 39. Ra2
Kc6 40. g4 Kd6 41. Ke4 Ra4+ 42. Kd3 Ke5 43. Ke3 Ra7 44. h4 Ra4 45. Kf3 Kd4 0-1

[Event "Thüringenliga 2012/2013"]
[Site "?"]
[Date "2013.01.06"]
[Round "5"]
[White "Hattendorf, Jens"]
[Black "Birke, Andreas"]
[Result "1/2-1/2"]
[WhiteElo "1892"]
[BlackElo "2116"]
[PlyCount "42"]
[EventDate "2013.??.??"]
[WhiteTeam "SG Arnstadt-Stadtilm"]
[BlackTeam "SV 1861 Liebschwitz"]

1. e4 c5 2. Nf3 Nc6 3. Nc3 g6 4. d4 cxd4 5. Nxd4 Bg7 6. Be3 d6 7. Be2 Bd7 8.
Nb3 Rc8 9. f4 Nf6 10. g4 h6 11. Bf3 Nb4 12. a3 Nxg4 13. Bg1 Rxc3 14. bxc3 Bxc3+
15. Kf1 Nxc2 16. Qxc2 Bxa1 17. Nxa1 Qa5 18. Qb2 O-O 19. Kg2 Rc8 20. h3 Nf6 21.
Bd4 Bc6 1/2-1/2

[Event "Thüringenliga 2012/2013"]
[Site "?"]
[Date "2013.01.06"]
[Round "5"]
[White "Krüger, Rainer"]
[Black "Siebarth, Raiko"]
[Result "1/2-1/2"]
[WhiteElo "2088"]
[BlackElo "2269"]
[PlyCount "92"]
[EventDate "2013.??.??"]
[WhiteTeam "ESV Lok Sömmerda"]
[BlackTeam "SG Blau-Weiß Stadtilm"]

1. Nf3 g6 2. g3 Bg7 3. d4 Nf6 4. Bg2 O-O 5. c4 d6 6. O-O Nc6 7. Nc3 a6 8. b3
Nd7 9. Bb2 e5 10. e3 Rb8 11. Rc1 Re8 12. dxe5 Ndxe5 13. Nxe5 Nxe5 14. h3 Bd7
15. Qe2 Bc6 16. Nd5 Nd3 17. Qxd3 Bxb2 18. Rc2 Bg7 19. Rd1 Bd7 20. Kh2 Kh8 21.
Nf4 Be5 22. Nd5 h5 23. f4 Bg7 24. e4 Kh7 25. h4 Bg4 26. Bf3 Bxf3 27. Qxf3 c6
28. Nc3 Qe7 29. Re2 Rbd8 30. Rde1 Bxc3 31. Qxc3 Qd7 32. Qf6 Re6 33. Qd4 Rde8
34. Kg2 R6e7 35. Re3 b5 36. cxb5 axb5 37. Kf2 Qe6 38. Rd1 Rd7 39. e5 d5 40. Rc3
Ra8 41. a4 Rb7 42. Qb4 Rba7 43. Ra1 bxa4 44. Rxa4 Rxa4 45. bxa4 Qd7 46. a5 Qa7+
1/2-1/2

[Event "Thüringenliga 2012/2013"]
[Site "?"]
[Date "2013.01.06"]
[Round "5"]
[White "Schneider, Christian"]
[Black "Wanzek, Daniel"]
[Result "1/2-1/2"]
[WhiteElo "2181"]
[BlackElo "2113"]
[PlyCount "32"]
[EventDate "2013.??.??"]
[WhiteTeam "SG Blau-Weiß Stadtilm"]
[BlackTeam "ESV Lok Sömmerda"]

1. c4 e5 2. Nc3 Nc6 3. g3 g6 4. Bg2 Bg7 5. e3 d6 6. Nge2 Be6 7. d4 exd4 8. exd4
Bxc4 9. O-O Nge7 10. d5 Ne5 11. f4 Nd7 12. Be3 Nf5 13. Bf2 O-O 14. Be4 Nf6 15.
Bxf5 gxf5 16. Re1 c5 1/2-1/2

[Event "Thüringenliga 2012/2013"]
[Site "?"]
[Date "2013.01.06"]
[Round "5"]
[White "Siegemund, Joachim"]
[Black "George, Tom"]
[Result "1/2-1/2"]
[WhiteElo "2033"]
[BlackElo "1877"]
[PlyCount "116"]
[EventDate "2013.??.??"]
[WhiteTeam "ESV Lok Sömmerda"]
[BlackTeam "SG Blau-Weiß Stadtilm"]

1. c4 Nf6 2. Nc3 e6 3. d4 b6 4. e4 Bb7 5. Bg5 Be7 6. e5 Ne4 7. Bxe7 Qxe7 8. Nf3
d6 9. Nxe4 Bxe4 10. Bd3 Bxd3 11. Qxd3 dxe5 12. Nxe5 Qb4+ 13. Qc3 Qxc3+ 14. bxc3
f6 15. Nf3 Nd7 16. O-O-O O-O-O 17. Rhe1 Rhe8 18. Kc2 Re7 19. Re3 Rde8 20. Ne1
e5 21. Nd3 a5 22. Rde1 e4 23. Nf4 f5 24. f3 exf3 25. Rxe7 Rxe7 26. Kd2 Rxe1 27.
Kxe1 fxg2 28. Nxg2 Nf6 29. Ke2 Ne4 30. Kd3 Kd7 31. Nf4 g5 32. Nd5 h5 33. Ke3 h4
34. a3 Kd6 35. Kd3 g4 36. Ke3 b5 37. Kf4 g3 38. hxg3 hxg3 39. Ne3 Ke6 40. d5+
Kf6 41. cxb5 Nxc3 42. Kxg3 Ke5 43. Nc4+ Kxd5 44. Nxa5 Nxb5 45. Kf4 Nd6 46. Nb3
Kc4 47. Nd2+ Kc3 48. Nf3 Kc4 49. Ke5 Nb5 50. a4 Nd6 51. Ke6 Kb4 52. Kd7 Ne8 53.
Kxe8 c5 54. Ne5 c4 55. a5 Kxa5 56. Nxc4+ Ka4 57. Ke7 f4 58. Ne5 Kb3 1/2-1/2

[Event "Thüringenliga 2012/2013"]
[Site "?"]
[Date "2013.01.06"]
[Round "5"]
[White "Siebarth, Marco"]
[Black "Kalisch, Michael"]
[Result "1-0"]
[WhiteElo "1983"]
[BlackElo "1936"]
[PlyCount "89"]
[EventDate "2013.??.??"]
[WhiteTeam "SG Blau-Weiß Stadtilm"]
[BlackTeam "ESV Lok Sömmerda"]

1. e4 c6 2. Nc3 d5 3. f4 dxe4 4. Nxe4 Nf6 5. Nf2 g6 6. Nf3 Bg7 7. g3 O-O 8. Bg2
c5 9. O-O Nc6 10. d3 Qc7 11. Bd2 Ng4 12. Bc3 Ne3 13. Qd2 Nxf1 14. Rxf1 Nd4 15.
Re1 Rb8 16. Ne5 Be6 17. b3 Rbd8 18. Nd1 Bd5 19. a4 f6 20. Bxd4 Bxg2 21. Qxg2
Rxd4 22. Nc4 Rfd8 23. Nc3 a6 24. Qe2 e5 25. fxe5 fxe5 26. a5 Rf8 27. Ne4 Rd7
28. Qe3 Rdf7 29. Re2 Rf3 30. Qxc5 Qf7 31. Ncd2 Rf1+ 32. Kg2 Rc1 33. Qc4 Qxc4
34. Nxc4 Rff1 35. c3 Rg1+ 36. Kf3 Rgf1+ 37. Kg2 Rg1+ 38. Kf3 Rgf1+ 39. Kg2 Rfd1
40. Ncd6 Rxd3 41. Nxb7 Bf8 42. b4 Be7 43. Kh3 h5 44. Nbc5 g5 45. Nxd3 1-0

[Event "Thüringenliga 2012/2013"]
[Site "?"]
[Date "2013.01.06"]
[Round "5"]
[White "Kühn, Karsten"]
[Black "Berner, Stephan"]
[Result "1-0"]
[WhiteElo "1967"]
[BlackElo "1836"]
[PlyCount "93"]
[EventDate "2013.??.??"]
[WhiteTeam "ESV Lok Sömmerda"]
[BlackTeam "SG Blau-Weiß Stadtilm"]

1. e4 c6 2. d4 d5 3. e5 Bf5 4. Be3 e6 5. Nd2 Nd7 6. c4 Ne7 7. Ngf3 dxc4 8. Bxc4
Nd5 9. O-O Be7 10. Rc1 O-O 11. Re1 N7b6 12. Be2 Nb4 13. Qb3 a5 14. a4 N6d5 15.
Nf1 h6 16. Ng3 Bg6 17. Nd2 Qd7 18. Nde4 b6 19. Qd1 Rfd8 20. Bh5 Bxh5 21. Nxh5
Kh7 22. Qf3 Rf8 23. Bd2 Qd8 24. Qh3 Rh8 25. Qg3 g6 26. Qf3 Kg8 27. Nhf6+ Kg7
28. Ng4 h5 29. Ne3 Nd3 30. Rxc6 Nxe1 31. Bxe1 Nxe3 32. fxe3 Rc8 33. Nd6 Bxd6
34. Rxd6 Qg5 35. Bc3 Rb8 36. d5 Rhe8 37. Rd7 Re7 38. dxe6 fxe6 39. Qf6+ Kh6 40.
Qxg5+ Kxg5 41. Rxe7 Kf5 42. Kf2 b5 43. axb5 Rxb5 44. Kf3 h4 45. e4+ Kg5 46.
Bd2+ Kh5 47. Rh7# 1-0

[Event "Thüringenliga 2012/2013"]
[Site "?"]
[Date "2013.01.06"]
[Round "5"]
[White "Kinzel, Tiffany"]
[Black "Kühn, Martin"]
[Result "1-0"]
[WhiteElo "1791"]
[BlackElo "1919"]
[PlyCount "91"]
[EventDate "2013.??.??"]
[WhiteTeam "SG Blau-Weiß Stadtilm"]
[BlackTeam "ESV Lok Sömmerda"]

1. d4 d5 2. e3 Nc6 3. f4 Nf6 4. Nf3 Bf5 5. Bd3 Bxd3 6. cxd3 e6 7. Nc3 Bb4 8.
O-O O-O 9. Bd2 Ba5 10. Ne2 Bb6 11. Kh1 Rc8 12. Ne5 Ne7 13. Ng3 c5 14. dxc5 Bxc5
15. Nh5 Nf5 16. Nxf6+ Qxf6 17. Nd7 Qh6 18. Rf3 Rfd8 19. Rh3 Qg6 20. Ne5 Qf6 21.
Qh5 h6 22. Qe2 Bb6 23. g4 Nd6 24. Rg1 g5 25. Rf1 Rc2 26. Qd1 Rdc8 27. Bc3 R8xc3
28. bxc3 Rxc3 29. Nd7 Qg6 30. Nxb6 Rxd3 31. Qb1 Qe4+ 32. Kg1 axb6 33. Qxb6 Rd2
34. Rg3 Ne8 35. fxg5 hxg5 36. Qd8 Kf8 37. Qxg5 Rxa2 38. Rgf3 Qh7 39. Qf4 f6 40.
Qg3 b5 41. Qe5 Ke7 42. Qb8 Qh6 43. h3 Rb2 44. Qa7+ Kd8 45. Qf7 Nc7 46. Rc1 1-0

[Event "Thüringenliga 2012/2013"]
[Site "?"]
[Date "2013.01.06"]
[Round "5"]
[White "Kirste, Olaf"]
[Black "Schröter, Maik"]
[Result "0-1"]
[WhiteElo "1934"]
[BlackElo "1710"]
[PlyCount "58"]
[EventDate "2013.??.??"]
[WhiteTeam "ESV Lok Sömmerda"]
[BlackTeam "SG Blau-Weiß Stadtilm"]

1. c4 Nf6 2. Nc3 e6 3. e4 d5 4. e5 d4 5. exf6 dxc3 6. bxc3 Qxf6 7. Nf3 Bd6 8.
Bd3 O-O 9. O-O e5 10. Be4 c6 11. Qc2 h6 12. Rb1 Qe7 13. Bf5 b6 14. d4 Bxf5 15.
Qxf5 Qd7 16. Nh4 c5 17. Be3 exd4 18. cxd4 cxd4 19. Qd5 dxe3 20. Qh5 exf2+ 21.
Kh1 Bc5 22. Rbd1 Qe6 23. Nf5 Qg6 24. Qf3 Nc6 25. Rd5 Rae8 26. g3 Re1 27. Kg2
Rfe8 28. Rxf2 Bxf2 29. Nh4 Qc2 0-1

[Event "Thüringenliga 2012/2013"]
[Site "?"]
[Date "2013.01.06"]
[Round "5"]
[White "Dittrich, Hans-Georg"]
[Black "Berger, Nils"]
[Result "1-0"]
[WhiteElo "1667"]
[BlackElo "1503"]
[PlyCount "67"]
[EventDate "2013.??.??"]
[WhiteTeam "SG Blau-Weiß Stadtilm"]
[BlackTeam "ESV Lok Sömmerda"]

1. e4 e6 2. d4 d5 3. Nc3 Nf6 4. Bg5 Be7 5. e5 Nfd7 6. h4 O-O 7. Qg4 Kh8 8. Bd3
c5 9. Bxe7 Qxe7 10. Nf3 f5 11. Qf4 Nc6 12. O-O-O cxd4 13. Nb5 Nb4 14. Kb1 Nxd3
15. Rxd3 Nc5 16. Rxd4 Ne4 17. Ng5 Bd7 18. Nd6 Nxd6 19. exd6 Qf6 20. Re1 Rae8
21. Nf3 Bc6 22. Ne5 Rd8 23. c3 Rfe8 24. f3 Kg8 25. g4 fxg4 26. Qg3 Rf8 27. Rxg4
Kh8 28. Rg1 Rg8 29. Rg5 Be8 30. h5 h6 31. Ng6+ Bxg6+ 32. Rxg6 Qf5+ 33. Ka1 Rd7
34. Rxh6+ 1-0

[Event "Thüringenliga 2012/2013"]
[Site "?"]
[Date "2013.01.06"]
[Round "5"]
[White "Goemann, Jens"]
[Black "Müller, Michael"]
[Result "1/2-1/2"]
[WhiteElo "2103"]
[BlackElo "2193"]
[PlyCount "50"]
[EventDate "2013.??.??"]
[WhiteTeam "TSG Apolda"]
[BlackTeam "SSV Vimaria 91 Weimar"]

1. c4 e6 2. Nf3 d5 3. g3 Nf6 4. Bg2 Bd6 5. O-O O-O 6. b3 Nbd7 7. Bb2 c5 8. e3
b6 9. Nc3 Bb7 10. Qe2 Rc8 11. Rac1 Qe7 12. d4 Ba6 13. Nb5 Bb8 14. Rfd1 Rfd8 15.
a4 Bb7 16. Ne5 a6 17. Nxd7 Rxd7 18. Na3 h6 19. cxd5 Nxd5 20. Nc4 Ba7 21. dxc5
bxc5 22. Na5 Rcd8 23. Qg4 f5 24. Qe2 Qf7 25. Be5 Qe7 1/2-1/2

[Event "Thüringenliga 2012/2013"]
[Site "?"]
[Date "2013.01.06"]
[Round "5"]
[White "Maiwald, Harald"]
[Black "Albrecht, Jürgen"]
[Result "1/2-1/2"]
[WhiteElo "2011"]
[BlackElo "2046"]
[PlyCount "58"]
[EventDate "2013.??.??"]
[WhiteTeam "TSG Apolda"]
[BlackTeam "SSV Vimaria 91 Weimar"]

1. Nf3 Nf6 2. g3 g6 3. Bg2 Bg7 4. O-O O-O 5. d4 d6 6. c4 Nbd7 7. Nc3 e5 8. e4
c6 9. h3 Qc7 10. Be3 exd4 11. Nxd4 Nc5 12. b4 Ne6 13. Rc1 Nxd4 14. Bxd4 Qe7 15.
e5 Nd7 16. exd6 Qxd6 17. Bxg7 Qxd1 18. Rfxd1 Kxg7 19. b5 cxb5 20. Nxb5 Nc5 21.
Rd5 Ne6 22. Nd6 Rb8 23. Rb1 b6 24. c5 Nc7 25. Rd2 Be6 26. Rdb2 Rbd8 27. cxb6
axb6 28. Nb7 Rd4 29. Rxb6 Bxa2 1/2-1/2

[Event "Thüringenliga 2012/2013"]
[Site "?"]
[Date "2013.01.06"]
[Round "5"]
[White "Philipp, Michael"]
[Black "Schmidt, Matthias"]
[Result "1-0"]
[WhiteElo "1972"]
[BlackElo "1942"]
[PlyCount "89"]
[EventDate "2013.??.??"]
[WhiteTeam "SSV Vimaria 91 Weimar"]
[BlackTeam "TSG Apolda"]

1. f4 d5 2. Nf3 g6 3. g3 Bg7 4. Bg2 Nf6 5. O-O O-O 6. d3 c6 7. Nc3 Nbd7 8. e4
dxe4 9. dxe4 e5 10. fxe5 Ng4 11. e6 fxe6 12. Qe2 Nde5 13. Kh1 Nxf3 14. Bxf3 e5
15. Rd1 Nf2+ 16. Qxf2 Qf6 17. Rf1 Bh3 18. Be3 Bxf1 19. Rxf1 b6 20. Qe2 b5 21.
Bc5 Rf7 22. Bg2 Qe6 23. Rxf7 Kxf7 24. a3 a5 25. Qf1+ Kg8 26. Bh3 Qe8 27. a4 b4
28. Qc4+ Kh8 29. Nd1 Rd8 30. Nf2 Bh6 31. Nd3 Bf8 32. Kg2 Bxc5 33. Qxc5 b3 34.
Nf2 bxc2 35. Qxc2 Rd4 36. b3 Rb4 37. Bg4 Qe7 38. Be2 Qd6 39. Bc4 Rb8 40. Qc3
Re8 41. Qxa5 Qd4 42. Qb4 Kg7 43. Qb7+ Kh8 44. Qf7 Qd8 45. Nd3 1-0

[Event "Thüringenliga 2012/2013"]
[Site "?"]
[Date "2013.01.06"]
[Round "5"]
[White "Steiger, Jürgen"]
[Black "Riedel, Finn"]
[Result "1/2-1/2"]
[WhiteElo "1980"]
[BlackElo "1988"]
[PlyCount "25"]
[EventDate "2013.??.??"]
[WhiteTeam "TSG Apolda"]
[BlackTeam "SSV Vimaria 91 Weimar"]

1. e4 d5 2. exd5 Qxd5 3. d4 Nc6 4. Nf3 Bg4 5. Be3 Bxf3 6. Qxf3 Qxf3 7. gxf3
O-O-O 8. c3 a6 9. Nd2 e5 10. Nb3 exd4 11. Nxd4 Nxd4 12. Bxd4 Ne7 13. O-O-O
1/2-1/2

[Event "Thüringenliga 2012/2013"]
[Site "?"]
[Date "2013.01.06"]
[Round "5"]
[White "Stiefel, Roland"]
[Black "Römer, Norbert"]
[Result "0-1"]
[WhiteElo "1994"]
[BlackElo "1881"]
[PlyCount "164"]
[EventDate "2013.??.??"]
[WhiteTeam "SSV Vimaria 91 Weimar"]
[BlackTeam "TSG Apolda"]

1. d4 Nf6 2. Bf4 e6 3. e3 c5 4. c3 Qb6 5. Qb3 Nc6 6. Nd2 Qxb3 7. axb3 cxd4 8.
exd4 Nd5 9. Bg3 Nb6 10. Ngf3 Be7 11. Nc4 Nxc4 12. bxc4 d5 13. c5 O-O 14. Bd3 f6
15. b4 Bd7 16. O-O a6 17. Rfe1 g6 18. Rab1 Nd8 19. c4 Kf7 20. b5 axb5 21. cxb5
Ra3 22. Re3 Kg7 23. Bf1 Ra4 24. Bc7 g5 25. h3 h5 26. Bxd8 Rxd8 27. c6 bxc6 28.
bxc6 Bc8 29. Bb5 Rb4 30. Rxb4 Bxb4 31. Kf1 Kf7 32. Ke2 Bd6 33. Ne1 Ke7 34. Nd3
Rg8 35. g3 f5 36. Ne5 Bxe5 37. Rxe5 Kd6 38. Kf3 g4+ 39. hxg4 Rxg4 40. Ke3 h4
41. gxh4 Rxh4 42. Kd3 Rh1 43. Kc2 Ra1 44. Re3 Ba6 45. c7 Kxc7 46. Rc3+ Kd8 47.
Bxa6 Rxa6 48. Kd3 Kd7 49. Rb3 Ke7 50. Rb7+ Kf6 51. Rb8 Ra3+ 52. Ke2 Rc3 53.
Rf8+ Kg5 54. Re8 Rc6 55. Kf3 Rc3+ 56. Ke2 Kf6 57. Rf8+ Ke7 58. Rb8 f4 59. Rh8
f3+ 60. Kd2 Ra3 61. Rh5 Kf6 62. Re5 Ra8 63. Ke1 Ra1+ 64. Kd2 Rf1 65. Rh5 Rxf2+
66. Ke3 Re2+ 67. Kxf3 Re4 68. Rh7 Rxd4 69. Ke3 Ra4 70. Kd3 Ke5 71. Rh5+ Kd6 72.
Rh8 Ra3+ 73. Kd2 e5 74. Rh5 d4 75. Rh6+ Kd5 76. Rh5 Rg3 77. Ke2 d3+ 78. Kd2 Kd4
79. Rh1 e4 80. Re1 Rg2+ 81. Kd1 Ra2 82. Rf1 Kc3 0-1

[Event "Thüringenliga 2012/2013"]
[Site "?"]
[Date "2013.01.06"]
[Round "5"]
[White "Einax, Claus-Dieter"]
[Black "Gulich, Christian"]
[Result "0-1"]
[WhiteElo "1834"]
[BlackElo "1965"]
[PlyCount "86"]
[EventDate "2013.??.??"]
[WhiteTeam "TSG Apolda"]
[BlackTeam "SSV Vimaria 91 Weimar"]

1. e4 c5 2. Nc3 Nc6 3. g3 g6 4. Bg2 Bg7 5. d3 d6 6. Nf3 e6 7. O-O Rb8 8. a4 a6
9. Re1 Nge7 10. Bd2 O-O 11. Qc1 Nd4 12. Nxd4 Bxd4 13. Ne2 Bg7 14. Bh6 b5 15.
Bxg7 Kxg7 16. axb5 Rxb5 17. b3 Nc6 18. Qe3 Rb4 19. Ra2 Qb6 20. Rea1 Rd8 21. Nc3
Qc7 22. h4 Nd4 23. Na4 Rb8 24. Nc3 Bb7 25. Ne2 Qb6 26. Nc3 Ra8 27. Qd2 Qb4 28.
Nb1 Qb6 29. Nc3 Rac8 30. Kf1 h6 31. Re1 Rc7 32. Na4 Qc6 33. Qa5 Rdc8 34. Nb6
Rf8 35. Na4 f5 36. Qb6 Qd7 37. exf5 Rxf5 38. Bxb7 Rxb7 39. Qa5 Qf7 40. f4 e5
41. Nc3 Rxf4+ 42. gxf4 Qxf4+ 43. Kg2 Qg4+ 0-1

[Event "Thüringenliga 2012/2013"]
[Site "?"]
[Date "2013.01.06"]
[Round "5"]
[White "Anschütz, Mario"]
[Black "Krug, Klaus-Peter"]
[Result "1-0"]
[WhiteElo "1813"]
[BlackElo "1895"]
[PlyCount "129"]
[EventDate "2013.??.??"]
[WhiteTeam "SSV Vimaria 91 Weimar"]
[BlackTeam "TSG Apolda"]

1. d4 Nf6 2. c4 e6 3. Nc3 c5 4. e3 Be7 5. Bd3 b6 6. Nge2 Bb7 7. f3 d6 8. Qc2
Nbd7 9. b3 O-O 10. O-O a6 11. a4 Re8 12. Bd2 Rc8 13. a5 cxd4 14. exd4 d5 15.
axb6 e5 16. Na4 e4 17. c5 exd3 18. Qxd3 Nb8 19. Rfb1 Bc6 20. Nac3 Bb7 21. b4
Nfd7 22. Bf4 Bg5 23. Bc7 Qf6 24. f4 Bh6 25. Rf1 Qc6 26. Rf3 Rxc7 27. bxc7 Qxc7
28. Raf1 Nf6 29. Rh3 Qe7 30. Qg3 Kh8 31. Qh4 Nc6 32. g4 Bc8 33. Rg3 Nxb4 34. g5
Ne4 35. Re3 Nc2 36. Nxd5 Qd8 37. Rxe4 Rxe4 38. Nec3 Rxd4 39. Qf2 Rxd5 40. Nxd5
Qxd5 41. Qxc2 Bb7 42. Rd1 Qh1+ 43. Kf2 Qf3+ 44. Ke1 Qh1+ 45. Kd2 Qxh2+ 46. Kc3
Qxc2+ 47. Kxc2 Bxg5 48. fxg5 h5 49. Rd7 Bg2 50. Rxf7 Kh7 51. Rf2 Be4+ 52. Kd2
Kg6 53. Ke3 Bc6 54. Kf4 Kf7 55. Ke5+ Ke7 56. Rd2 a5 57. Rd6 Bd7 58. c6 Bc8 59.
c7 Bd7 60. Rg6 Kf7 61. Ra6 a4 62. Ra8 Kg6 63. Kf4 h4 64. c8=Q Bxc8 65. Rxc8 1-0

[Event "Thüringenliga 2012/2013"]
[Site "?"]
[Date "2013.01.27"]
[Round "6"]
[White "Siebarth, Raiko"]
[Black "Anisheva, Varvara"]
[Result "1/2-1/2"]
[WhiteElo "2269"]
[BlackElo "1986"]
[PlyCount "31"]
[EventDate "2013.??.??"]
[WhiteTeam "SG Blau-Weiß Stadtilm"]
[BlackTeam "SC 51 Nordhausen"]

1. e4 c5 2. Nf3 Nc6 3. d3 e6 4. g3 d5 5. Nbd2 Nf6 6. Bg2 Be7 7. O-O Qc7 8. Re1
dxe4 9. Nxe4 Nxe4 10. dxe4 e5 11. c3 O-O 12. Be3 Be6 13. Qc2 Rfd8 14. Rad1 Rxd1
15. Rxd1 Rd8 16. Rxd8+ 1/2-1/2

[Event "Thüringenliga 2012/2013"]
[Site "?"]
[Date "2013.01.27"]
[Round "6"]
[White "Königsmann, Marcus"]
[Black "Schneider, Christian"]
[Result "0-1"]
[WhiteElo "1907"]
[BlackElo "2181"]
[PlyCount "64"]
[EventDate "2013.??.??"]
[WhiteTeam "SC 51 Nordhausen"]
[BlackTeam "SG Blau-Weiß Stadtilm"]

1. e4 c6 2. d4 d5 3. Nc3 dxe4 4. Nxe4 Nd7 5. Nf3 Ngf6 6. Bd3 Nxe4 7. Bxe4 Nf6
8. Bd3 Bg4 9. c3 e6 10. h3 Bh5 11. Bg5 Bd6 12. Qe2 Qc7 13. g4 Bg6 14. Bxg6 hxg6
15. Ne5 O-O-O 16. O-O-O Bxe5 17. Qxe5 Qxe5 18. dxe5 Rxd1+ 19. Kxd1 Nxg4 20. Be3
Nxe3+ 21. fxe3 Kd7 22. Ke2 Rh5 23. Kf3 Rxe5 24. h4 Rh5 25. Kg4 f5+ 26. Kf4 g5+
27. Ke5 gxh4 28. Rg1 Rh7 29. e4 fxe4 30. Kxe4 h3 31. Kf3 h2 32. Rh1 e5 0-1

[Event "Thüringenliga 2012/2013"]
[Site "?"]
[Date "2013.01.27"]
[Round "6"]
[White "George, Tom"]
[Black "Koksch, Robert"]
[Result "1/2-1/2"]
[WhiteElo "1877"]
[BlackElo "1934"]
[PlyCount "33"]
[EventDate "2013.??.??"]
[WhiteTeam "SG Blau-Weiß Stadtilm"]
[BlackTeam "SC 51 Nordhausen"]

1. e4 c6 2. Nc3 d5 3. f4 e6 4. Nf3 Nd7 5. g3 Bb4 6. exd5 cxd5 7. Qe2 Ne7 8. Bh3
O-O 9. O-O Nf6 10. d3 Bd7 11. Bd2 Qb6+ 12. Be3 Bc5 13. Bxc5 Qxc5+ 14. Qf2 Rac8
15. a3 a5 16. Rae1 b5 17. Re2 1/2-1/2

[Event "Thüringenliga 2012/2013"]
[Site "?"]
[Date "2013.01.27"]
[Round "6"]
[White "Schilling, Rolf"]
[Black "Siebarth, Marco"]
[Result "1-0"]
[WhiteElo "1956"]
[BlackElo "1983"]
[PlyCount "47"]
[EventDate "2013.??.??"]
[WhiteTeam "SC 51 Nordhausen"]
[BlackTeam "SG Blau-Weiß Stadtilm"]

1. e4 c5 2. Nf3 Nc6 3. Nc3 d6 4. d4 cxd4 5. Nxd4 e5 6. Nde2 Nf6 7. h3 Be7 8. g4
Be6 9. Bg2 h6 10. Be3 Rc8 11. Qd2 Qa5 12. O-O O-O 13. f4 exf4 14. Bxf4 Qb6+ 15.
Be3 Qc7 16. Ng3 Kh7 17. Nf5 Bxf5 18. Rxf5 Ne5 19. Qf2 a6 20. Rf1 b5 21. Nd5
Nxd5 22. exd5 Qxc2 23. Qxc2 Rxc2 24. Be4 1-0

[Event "Thüringenliga 2012/2013"]
[Site "?"]
[Date "2013.01.27"]
[Round "6"]
[White "Viererbe, Hartmut"]
[Black "Dittrich, Hans-Georg"]
[Result "1-0"]
[WhiteElo "1607"]
[BlackElo "1667"]
[PlyCount "95"]
[EventDate "2013.??.??"]
[WhiteTeam "SC 51 Nordhausen"]
[BlackTeam "SG Blau-Weiß Stadtilm"]

1. Nf3 Nf6 2. c4 c5 3. Nc3 g6 4. e4 d6 5. d4 cxd4 6. Nxd4 Bg7 7. Be2 O-O 8. Be3
Nc6 9. O-O Nxd4 10. Bxd4 b6 11. Rc1 Bb7 12. f3 Rc8 13. Be3 a6 14. Qd2 Qd7 15.
Bxb6 Qc6 16. Be3 Rfd8 17. b4 e6 18. b5 axb5 19. cxb5 Qe8 20. a4 d5 21. e5 Nd7
22. f4 Nc5 23. Bxc5 Rxc5 24. a5 d4 25. Na4 Rxc1 26. Rxc1 d3 27. Bxd3 Qxb5 28.
Bxb5 Rxd2 29. Bf1 Ra2 30. Nc5 Bd5 31. a6 Bf8 32. Nd7 Bb4 33. Nf6+ Kg7 34. Nxd5
exd5 35. Rc7 Kf8 36. a7 Bd2 37. Rc8+ Kg7 38. a8=Q Rxa8 39. Rxa8 Bxf4 40. Re8
Be3+ 41. Kh1 g5 42. g4 Bc5 43. Bg2 d4 44. Rc8 Bb6 45. Be4 h6 46. Rc6 Ba7 47. e6
fxe6 48. Rc7+ 1-0

[Event "Thüringenliga 2012/2013"]
[Site "?"]
[Date "2013.01.27"]
[Round "6"]
[White "Werner, Justus"]
[Black "Reichardt, Hans-Ulrich"]
[Result "1/2-1/2"]
[WhiteElo "1704"]
[BlackElo "1682"]
[PlyCount "41"]
[EventDate "2013.??.??"]
[WhiteTeam "SG Blau-Weiß Stadtilm"]
[BlackTeam "SC 51 Nordhausen"]

1. c4 Nf6 2. Nf3 g6 3. b3 Bg7 4. Bb2 O-O 5. g3 c6 6. Bg2 d6 7. O-O e5 8. d3 Bg4
9. Nbd2 Qc8 10. c5 dxc5 11. Nxe5 Bh3 12. Rc1 Bxg2 13. Kxg2 Ng4 14. Ndf3 Re8 15.
Nc4 Bxb2 16. Nxb2 Qe6 17. Re1 Nd7 18. Qd2 Rad8 19. Qf4 Ngf6 20. Nc4 Nh5 21. Qh6
1/2-1/2

[Event "Thüringenliga 2012/2013"]
[Site "?"]
[Date "2013.01.27"]
[Round "6"]
[White "Hüllenhagen, Andreas"]
[Black "Schröter, Maik"]
[Result "1/2-1/2"]
[WhiteElo "1657"]
[BlackElo "1710"]
[PlyCount "93"]
[EventDate "2013.??.??"]
[WhiteTeam "SC 51 Nordhausen"]
[BlackTeam "SG Blau-Weiß Stadtilm"]

1. d4 Nf6 2. Nf3 e6 3. Nbd2 b6 4. e4 Bb7 5. Bd3 d5 6. exd5 exd5 7. O-O Be7 8.
Re1 O-O 9. c3 c5 10. Ne5 Nc6 11. Nxc6 Bxc6 12. Nf3 Qc7 13. Bg5 h6 14. Bh4 Rfe8
15. Ne5 Nd7 16. Bxe7 Nxe5 17. Rxe5 Rxe7 18. Qe2 Rae8 19. Re1 Rxe5 20. dxe5 Qd7
21. f4 d4 22. Bc4 Bd5 23. Bb5 Bc6 24. Bxc6 Qxc6 25. cxd4 cxd4 26. Qd2 Rd8 27.
f5 Qc5 28. f6 d3+ 29. Kh1 Qc2 30. Rd1 Qxd2 31. Rxd2 gxf6 32. exf6 Kh7 33. Kg1
Rd6 34. Kf2 Kg6 35. Ke3 Kxf6 36. Rxd3 Rxd3+ 37. Kxd3 Kf5 38. Ke3 h5 39. Kf3 Kg5
40. g3 a6 41. b4 Kf5 42. h3 Ke5 43. g4 h4 44. Ke3 f6 45. a4 b5 46. a5 Kd5 47.
Kd3 1/2-1/2

[Event "Thüringenliga 2012/2013"]
[Site "?"]
[Date "2013.01.27"]
[Round "6"]
[White "Buring, Matthias"]
[Black "Pichl, Michael"]
[Result "1-0"]
[WhiteElo "2062"]
[BlackElo "1978"]
[PlyCount "37"]
[EventDate "2013.??.??"]
[WhiteTeam "SG Arnstadt-Stadtilm"]
[BlackTeam "SV Empor Erfurt"]

1. e4 c5 2. Nf3 g6 3. h4 h5 4. d4 cxd4 5. Qxd4 Nf6 6. Bc4 Nc6 7. Qd3 Bg7 8. Nc3
O-O 9. e5 Ng4 10. Qxg6 Ngxe5 11. Qxh5 Nxf3+ 12. gxf3 Qa5 13. Qxa5 Nxa5 14. Bd3
Bxc3+ 15. bxc3 Kh8 16. Bh6 Rg8 17. Rb1 b6 18. Rb5 f6 19. Rh5 1-0